Artistas musicales por letra - G - Estadísticas

Estadísticas generales
  • Esta prueba ha sido intentada 106 veces
  • La puntuación promedio es 6 de 22
Estadísticas de respuestas
Años activo País Canciones Artista % Correcto
2000– «Bailando» | «La Gozadera» Gente de Zona
72%
1987– «American Idiot» | «Boulevard of Broken Dreams» Green Day
65%
1987– «Sweet Child o' Mine» | «November Rain» Guns N' Roses
63%
2022– «Me jalo» | «Un x100to» Grupo Frontera
59%
1998– «Feel Good Inc.» | «On Melancholy Hill» Gorillaz
43%
1975– «I Will Survive» | «I Am What I Am» Gloria Gaynor
39%
2018– «Guantanamera» | «Nana Triste» Guitarricadelafuente
37%
1989– «Todos me miran» | «Medusa» Gloria Trevi
34%
2015– «Chica ideal» | «Rebota» Guaynaa
29%
1981–2010 «Bocanada» | «Déjà vu» Gustavo Cerati
28%
1978– «Ingobernable» | «Bamboleo» Gipsy Kings
22%
1973– «Conga | «Anything for You» Gloria Estefan
17%
1958–2001 «All Those Years Ago» | «My Sweet Lord» George Harrison
13%
1981–1999 «Camino Soria» | «Cuatro rosas» Gabinete Caligari
12%
2014– «Duele» | «Lo mejor está por venir» Gemeliers
10%
1996–2003, 2011, 2019, 2022– «Freebola» | «Enamorado de ti» Glup!
10%
2017– «Amantes» | «Destino» Greeicy
9%
2017– «El amor de su vida» | «Ya supérame» Grupo Firme
9%
2002– «Hablar de ti» | «Ser amigos» Gepe
7%
1979– «Gotas de lluvia» | «Sin sentimientos» Grupo Niche
7%
2006– «Fuiste tú» | «Quizás, quizás, quizás» Gaby Moreno
4%
1965–2022 «Baby» | «Coração Vagabundo» Gal Costa
2%
No se encontraron pruebas coincidentes
Distribución de puntuación
Porcentaje de gente con cada puntuación
Porcentaje por número respondido
Historial de tus puntuaciones
No has intentado esta prueba.